| 000 | 00356nam a22001457a 4500 | ||
|---|---|---|---|
| 020 | _a- | ||
| 082 | _a297.61 HAB | ||
| 100 | _aHabib-ur-Rehman Habib | ||
| 245 | _aAnwar-e-Walayat Shamsiha (Urdu) | ||
| 260 |
_aRawalpindi _bAl-Tariq Printers _c2007 |
||
| 300 | _a396 p. | ||
| 500 | _aIndex includes | ||
| 650 | _aIslamic Leaders and their work | ||
| 942 | _cBK | ||
| 999 |
_c13120 _d13120 |
||